000
00288 a2200145 4500
001
164059
020
_a
040
_c
Magnum
100
_a
Freire, Madalena
240
1
0
_a
Paixao de aprender
_l
por
245
1
0
_a
Paixao de aprender
362
0
_a
1899
697
_a
ENSINO
942
_c
BK
999
_c
164059
_d
164059